000 00880nam a2200265Ia 4500
003 OSt
005 20221005111150.0
006 a|||||r|||| 00| 0
007 ta
008 221004b |||||||| |||| 00| 0 hin d
020 _c250
024 _a12096
037 _b325, 20/03/2014, Vani Prakashan
_cTextual
040 _aCRL
_cCRL
_bhin
041 _2hin
_ahin
082 _aO152,3M80,KA, M9;P9
100 _aमंुशी प्रेमचन्द
245 0 _aकर्बला
246 _aKarbalā
260 _aनई दिल्ली
_bवाणी प्रकाशन भारत
_c2007
300 _a200पृ0
_ccm.
650 _aहिन्दी साहित्य
942 _hO152,3M80,KA, M9;P9
_cTEXL
_2cc
999 _c1021009
_d1021009